000 00502nam a2200169Ia 4500
005 20240605052754.0
008 240331s9999 xx 000 0 und d
020 _a9789551772932
082 _bAND
_a370
100 _aAndradi,W.M.D.D
245 0 _aSri Lankan Subordinates of the British :
_bEnglish- educated Ceylonese in Official Life 1865 - 1883
260 _aColombo
_bSocial Scientists' Association
_c2011
300 _aiv,365 p.,
650 _aSubordination
650 _aBritish Era
942 _cL
999 _c5713
_d5713